| Tag |
First Indicator |
Second Indicator |
Subfields |
| LEADER |
00000cam a2200000 4500 |
| 001 |
in00000052884 |
| 005 |
20151007074210.0 |
| 008 |
750429s1964 enkac b 10000 eng u |
| 010 |
|
|
|a 63022054
|
| 035 |
|
|
|a (OCoLC)01302386
|
| 035 |
|
|
|9 AAF1108AM
|
| 040 |
|
|
|c NED
|d CHS
|d TXA
|d UtOrBLW
|
| 049 |
|
|
|a TXAM
|c [451342]
|
| 050 |
|
0 |
|a QP251
|b .I65 1963
|
| 082 |
0 |
|
|a 591.16
|
| 092 |
|
|
|a 591.16
|b I61e, 1963
|
| 111 |
2 |
|
|a International Symposium on the Effects of Ionizing Radiation on the Reproductive System
|d (1963 :
|c Fort Collins, Colo.)
|
| 245 |
1 |
0 |
|a Effects of ionizing radiation on the reproductive system ;
|b proceedings of an international symposium held at Colorado State University, Fort Collins, Colorado /
|c Editors: William D. Carlson [and] F. X. Gassner. Sponsored by Colorado State University and American Institute of Biological Sciences.
|
| 264 |
|
2 |
|a Oxford,
|a New York :
|b Symposium Publications Division, Pergamon Press; [distributed in the Western Hemisphere by Macmillan, New York],
|c 1964.
|
| 300 |
|
|
|a xii, 478 pages :
|b illustrations, portrait, diagrams ;
|c 24 cm.
|
| 336 |
|
|
|a text
|b txt
|2 rdacontent
|
| 337 |
|
|
|a unmediated
|b n
|2 rdamedia
|
| 338 |
|
|
|a volume
|b nc
|2 rdacarrier
|
| 504 |
|
|
|a Includes bibliographies.
|
| 650 |
|
0 |
|a Generative organs
|x Effect of radiation on.
|
| 700 |
1 |
|
|a Carlson, William D.
|q (William Dwight),
|d 1928-
|
| 700 |
1 |
|
|a Gassner, Frank Xavier,
|d 1896-1963.
|
| 710 |
2 |
|
|a Colorado State University.
|
| 710 |
2 |
|
|a American Institute of Biological Sciences.
|
| 999 |
|
|
|a MARS
|
| 999 |
f |
f |
|s 8d15264e-6168-384a-8ba6-4582f3201dd4
|i 8aa310b4-6a40-3ace-9700-51bc35774525
|t 0
|
| 952 |
f |
f |
|p normal
|a Texas A&M University
|b College Station
|c Sterling C. Evans Library
|d Evans: Library Stacks
|t 0
|e QP251 .I65 1963
|h Library of Congress classification
|i unmediated -- volume
|m A14801005741
|
| 998 |
f |
f |
|a QP251 .I65 1963
|t 0
|l Evans: Library Stacks
|